00397nam a2200109 a 4500008004100000050001500041110005500056245011900111260003500230300001300265350000900278100331s2006 ||||||||||||||||| || u aUNESA(058) aUnited Nations Economic and Social Affairs (UNESA)10aUnited Nations Statistical Commission report on the thirty-seventh session (7th - 10th March 2006)cUnited Nations aNew YorkbUNITED NATIONSc2006 aiv, 40p. a0.00